Fundamentos de un sistema de pedagogía

Gespeichert in:
Bibliographische Detailangaben
1. Verfasser: Dilthey, Wilhelm (VerfasserIn)
Format: Buch
Sprache:Spanisch
Veröffentlicht: Buenos Aires Losada 1965
Ausgabe:6a. ed
Schriftenreihe:Biblioteca del Maestro
Schlagworte:
Tags: Tag hinzufügen
Keine Tags, Fügen Sie den ersten Tag hinzu!

MARC

LEADER 00000cam a2200000 a 4500
001 UCD2341
003 CL-VaPUC
008 160421e19650000ag |||||||||||||||||spa|d
082 0 4 |a 371.1  |b DIL  |2 21 
100 0 |a Dilthey, Wilhelm  |e author  |9 335712 
245 1 0 |a Fundamentos de un sistema de pedagogía 
250 |a 6a. ed 
300 |a 143 p 
942 |c BK 
945 |d 20160421 23:07:00  |a arojas 
260 |a Buenos Aires  |b Losada  |c 1965 
650 0 |a Profesores   |9 308968 
650 0 |a Filosofía de la educación   |9 258384 
650 7 |a PERSONAL DE LA EDUCACION  |2 CL-VaPUC  |9 327396 
583 |a last modification  |c 20160421 23:07:00  |k Rodrigo Vera 
490 0 |a Biblioteca del Maestro 
999 |c 363503  |d 363501 
952 |0 0  |1 0  |3 erb  |4 0  |6 371_100000000000000_DIL_1965  |7 0  |8 P  |9 475958  |a BIBEDU  |b BIBEDU  |c BIBEDU_PB  |e Villagrán Garnham, Jorge  |i 5301297  |o 371.1 DIL 1965  |p 5301297  |r 2024-01-25  |w 2019-11-24  |y BK  |z Catalogado en:20160421  |k FIL